[Event "Roncana op-A 14th"]
[Site "Santa Eulalia de Roncana"]
[Date "2022.10.22"]
[Round "3"]
[White "Rocamora Martorell, Ferran"]
[Black "Deulonder Camins, Xavier"]
[Result "1-0"]
[WhiteElo "1998"]
[BlackElo "1825"]
[PlyCount "53"]
[EventDate "2022.10.08"]
[EventType "swiss"]
[EventRounds "8"]
[EventCountry "ESP"]
[SourceTitle "EXT 2024"]
[Source "ChessBase"]
[SourceDate "2023.10.10"]
[SourceVersion "1"]
[SourceVersionDate "2023.10.10"]
[SourceQuality "1"]

1. d4 d5 2. c4 dxc4 3. Nf3 Nf6 4. e3 g6 5. Bxc4 Bg7 6. Nc3 0-0 7. 0-0 c6 8. e4 b5 9. Bd3 a6 10. h3 Bb7 11. Qe2 Qc7 12. Bg5 e6 13. Rac1 Nbd7 14. b4 Nb6 15. Rfd1 Rfe8 16. a3 Qd7 17. Qe3 Qe7 18. d5 Qc7 19. d6 Qd8 20. e5 Nfd5 21. Bxd8 Nxe3 22. Bxb6 Nxd1 23. Rxd1 Bc8 24. Ne4 Rb8 25. Bc7 Rb7 26. Nc5 Ra7 27. Be4 1-0

[Event "Catalan-ch U10/20"]
[Site "Tarragona"]
[Date "2022.04.11"]
[Round "4"]
[White "Salvans Serra, Arnau"]
[Black "Rocamora Martorell, Ferran"]
[Result "1-0"]
[WhiteElo "2179"]
[BlackElo "1961"]
[PlyCount "122"]
[EventDate "2022.04.09"]
[EventType "swiss"]
[EventRounds "9"]
[EventCountry "ESP"]
[SourceTitle "EXT 2023"]
[Source "ChessBase"]
[SourceDate "2022.10.05"]
[SourceVersion "1"]
[SourceVersionDate "2022.10.05"]
[SourceQuality "1"]

1. d4 Nf6 2. Nf3 e6 3. e3 b6 4. Bd3 Bb7 5. 0-0 d5 6. c4 dxc4 7. Bxc4 Nbd7 8. Nc3 a6 9. a4 Bd6 10. Qe2 c5 11. Rd1 Qb8 12. h3 0-0 13. b3 Rd8 14. Bb2 Ne4 15. Nxe4 Bxe4 16. Ng5 Nf6 17. dxc5 Bh2+ 18. Kh1 Rxd1+ 19. Rxd1 Be5 20. Nxe4 Nxe4 21. Bxe5 Qxe5 22. cxb6 Qf6 23. Rf1 a5 24. Qf3 Qe5 25. Bd3 f5 26. Bxe4 fxe4 27. Qd1 Rb8 28. Qd7 Qd5 29. Qxd5 exd5 30. Rd1 Rxb6 31. Rxd5 Rxb3 32. Rxa5 Rb2 33. Kg1 Ra2 34. Ra7 h6 35. g4 Kh7 36. a5 Kg6 37. Re7 Rxa5 38. Rxe4 h5 39. gxh5+ Rxh5 40. Kg2 Ra5 41. Kg3 Kf6 42. Rf4+ Ke6 43. h4 Rb5 44. Kg4 Ra5 45. h5 Rb5 46. Ra4 Rb2 47. Ra6+ Kf7 48. f4 Rh2 49. Rg6 Ra2 50. e4 Rg2+ 51. Kf5 Rh2 52. Rg5 Rh4 53. e5 Kf8 54. Kg6 Kg8 55. f5 Rf4 56. e6 Re4 57. h6 Rh4 58. h7+ Rxh7 59. Rh5 Rxh5 60. Kxh5 Kf8 61. Kg6 Ke8 1-0

[Event "Barcelona op"]
[Site "Barcelona"]
[Date "2020.07.16"]
[Round "6.5"]
[White "Bernado Lopez, Roger"]
[Black "Rocamora Martorell, Ferran"]
[Result "1-0"]
[WhiteElo "2291"]
[BlackElo "2104"]
[PlyCount "37"]
[EventDate "2020.07.11"]
[EventType "swiss"]
[EventRounds "9"]
[EventCountry "ESP"]
[SourceTitle "EXT 2024"]
[Source "ChessBase"]
[SourceDate "2023.10.10"]
[SourceVersion "1"]
[SourceVersionDate "2023.10.10"]
[SourceQuality "1"]

1. e4 e5 2. Nf3 Nf6 3. Nxe5 d6 4. Nf3 Nxe4 5. Nc3 Nxc3 6. dxc3 Nc6 7. Be3 Be7 8. Bd3 Be6 9. Qe2 Qd7 10. 0-0-0 0-0-0 11. Bb5 a6 12. Ne5 Qe8 13. Bxc6 Qf8 14. Qf3 dxe5 15. Bxb7+ Kb8 16. Bxa6 Bc8 17. Bxc8 Rxc8 18. Qc6 Qe8 19. Rd7 1-0

[Event "Barcelona op"]
[Site "Barcelona"]
[Date "2020.07.14"]
[Round "4.4"]
[White "Moreno Oller, Victor"]
[Black "Rocamora Martorell, Ferran"]
[Result "1/2-1/2"]
[WhiteElo "2115"]
[BlackElo "2104"]
[PlyCount "96"]
[EventDate "2020.07.11"]
[EventType "swiss"]
[EventRounds "9"]
[EventCountry "ESP"]
[SourceTitle "EXT 2024"]
[Source "ChessBase"]
[SourceDate "2023.10.10"]
[SourceVersion "1"]
[SourceVersionDate "2023.10.10"]
[SourceQuality "1"]

1. d4 Nf6 2. c4 e6 3. Nc3 Bb4 4. e3 b6 5. Nf3 Ne4 6. Qc2 Bb7 7. Bd3 f5 8. 0-0 Nxc3 9. bxc3 Bxf3 10. cxb4 Qg5 11. g3 Nc6 12. a3 h5 13. Be2 Be4 14. Bd3 Bf3 15. Be2 Be4 16. Qd1 h4 17. Bf3 Qh6 18. Ra2 Bxf3 19. Qxf3 Qh5 20. Qxh5+ Rxh5 21. Rd2 a5 22. b5 Nd8 23. a4 Nf7 24. f3 hxg3 25. hxg3 0-0-0 26. Rh2 Rxh2 27. Kxh2 Nd6 28. c5 Nc4 29. Rf2 d5 30. c6 Rh8+ 31. Kg2 Kd8 32. Rc2 Nd6 33. Ba3 Nc4 34. Rc3 Nxa3 35. Rxa3 Ke7 36. e4 dxe4 37. fxe4 Rd8 38. exf5 Rxd4 39. fxe6 Kxe6 40. Kf3 Kd5 41. Re3 Kd6 42. Re4 Rxe4 43. Kxe4 Ke6 44. Kf4 Kf6 45. Kg4 Kg6 46. Kh4 Kh6 47. g4 g5+ 48. Kg3 Kg6 1/2-1/2

[Event "Badalona Castella op-B 45th"]
[Site "Badalona"]
[Date "2019.08.05"]
[Round "4.9"]
[White "Rocamora Martorell, Ferran"]
[Black "Ritter Aguilar, Jordi"]
[Result "1/2-1/2"]
[WhiteElo "1741"]
[BlackElo "1819"]
[PlyCount "35"]
[EventDate "2019.08.02"]
[EventType "swiss"]
[EventRounds "9"]
[EventCountry "ESP"]
[SourceTitle "EXT 2024"]
[Source "ChessBase"]
[SourceDate "2023.10.10"]
[SourceVersion "1"]
[SourceVersionDate "2023.10.10"]
[SourceQuality "1"]

1. d4 e6 2. Nf3 c5 3. e4 cxd4 4. Nxd4 Nf6 5. Nc3 e5 6. Ndb5 d6 7. Bg5 a6 8. Na3 Be7 9. Bxf6 Bxf6 10. Nc4 Be7 11. Nd5 Nc6 12. Nxe7 Kxe7 13. Qd2 h5 14. Qg5+ Ke6 15. Qf5+ Ke7 16. Qg5+ Ke6 17. Qf5+ Ke7 18. Qg5+ 1/2-1/2

[Event "Badalona Castella op-B 45th"]
[Site "Badalona"]
[Date "2019.08.04"]
[Round "3.8"]
[White "Daimiel Bescos, Eleuterio"]
[Black "Rocamora Martorell, Ferran"]
[Result "1/2-1/2"]
[WhiteElo "1856"]
[BlackElo "1741"]
[PlyCount "90"]
[EventDate "2019.08.02"]
[EventType "swiss"]
[EventRounds "9"]
[EventCountry "ESP"]
[SourceTitle "EXT 2024"]
[Source "ChessBase"]
[SourceDate "2023.10.10"]
[SourceVersion "1"]
[SourceVersionDate "2023.10.10"]
[SourceQuality "1"]

1. e4 e5 2. Nf3 Nf6 3. Nxe5 d6 4. Nf3 Nxe4 5. d4 d5 6. Bd3 Be7 7. 0-0 0-0 8. c4 Nc6 9. Nc3 Nf6 10. Bf4 Nb4 11. Be2 dxc4 12. Bxc4 c6 13. Qb3 Nbd5 14. Be5 Nb6 15. Bd3 Nbd5 16. Rae1 Qb6 17. Nxd5 Nxd5 18. Qc2 h6 19. Qe2 Bg4 20. Qe4 f5 21. Qe2 Rae8 22. h3 Bh5 23. a3 Bg5 24. Qc2 Bxf3 25. gxf3 Qd8 26. Bxf5 Bf4 27. Kh1 Bxe5 28. Rxe5 Rxe5 29. dxe5 Qg5 30. Be6+ Kh8 31. Qe4 Rf4 32. Rg1 Rxe4 33. Rxg5 Re1+ 34. Rg1 Rxe5 35. Bc8 Re7 36. Rd1 Kg8 37. Rd2 Kf7 38. Kh2 Kf6 39. Kg3 h5 40. h4 Nb6 41. Bh3 Nd5 42. Bf1 b5 43. Rc2 Re6 44. f4 g6 45. Rc5 a6 1/2-1/2

[Event "Mem Vinas 15th A"]
[Site "Mataro"]
[Date "2019.06.15"]
[Round "6.11"]
[White "Fernandez Herrera, Aleix"]
[Black "Rocamora Martorell, Ferran"]
[Result "1/2-1/2"]
[WhiteElo "1563"]
[BlackElo "1698"]
[PlyCount "62"]
[EventDate "2019.05.04"]
[EventType "swiss"]
[EventRounds "8"]
[EventCountry "ESP"]
[SourceTitle "EXT 2024"]
[Source "ChessBase"]
[SourceDate "2023.10.10"]
[SourceVersion "1"]
[SourceVersionDate "2023.10.10"]
[SourceQuality "1"]

1. e4 e5 2. Nf3 Nf6 3. Nxe5 d6 4. Nf3 Nxe4 5. Nc3 Nxc3 6. dxc3 Nc6 7. Be3 Be7 8. Qd2 Be6 9. Be2 Qd7 10. Nd4 Nxd4 11. Bxd4 Rg8 12. c4 c5 13. Bc3 0-0-0 14. 0-0-0 Qc6 15. a3 g5 16. g4 Qa4 17. Qd3 h6 18. f3 Rge8 19. h3 Kb8 20. Kb1 Qd7 21. Rd2 Qc6 22. Rhd1 Bf8 23. Bf6 Rd7 24. Qc3 d5 25. cxd5 Rxd5 26. Bd3 Ka8 27. Be4 Rxd2 28. Rxd2 Qc7 29. Be5 Qc8 30. Bg3 Rd8 31. Rxd8 Qxd8 1/2-1/2

[Event "Mem Vinas 15th A"]
[Site "Mataro"]
[Date "2019.05.11"]
[Round "2.9"]
[White "Rocamora Martorell, Ferran"]
[Black "Garcia Payas, Alex"]
[Result "1-0"]
[WhiteElo "1698"]
[BlackElo "1832"]
[PlyCount "87"]
[EventDate "2019.05.04"]
[EventType "swiss"]
[EventRounds "8"]
[EventCountry "ESP"]
[SourceTitle "EXT 2024"]
[Source "ChessBase"]
[SourceDate "2023.10.10"]
[SourceVersion "1"]
[SourceVersionDate "2023.10.10"]
[SourceQuality "1"]

1. d4 Nf6 2. c4 b6 3. Nf3 Bb7 4. e3 e6 5. Nc3 Be7 6. Bd3 d5 7. cxd5 Nxd5 8. e4 Nf6 9. Be3 Nbd7 10. Qa4 0-0 11. Rd1 Qc8 12. e5 Nd5 13. Nxd5 Bxd5 14. Rc1 c5 15. dxc5 Nxc5 16. Bxc5 bxc5 17. Qc2 h6 18. Be4 Bxe4 19. Qxe4 Qa6 20. Qc4 Qa5+ 21. Rc3 Rab8 22. b3 Rb4 23. Qd3 Rd8 24. Qc2 Re4+ 25. Kf1 Rd1+ 26. Qxd1 Qxc3 27. g3 g5 28. h3 c4 29. Kg2 cxb3 30. axb3 Rb4 31. Qd7 Rxb3 32. Nd4 Ra3 33. Qxe7 Ra2 34. Qe8+ Kg7 35. Nf3 Qc2 36. Rf1 Qe4 37. Qe7 Rc2 38. Qf6+ Kg8 39. Re1 Qd5 40. Rf1 a5 41. Qxh6 Rc3 42. Qxg5+ Kf8 43. Qf4 a4 44. Qb4+ 1-0

[Event "Maresme op 15th"]
[Site "Maresme"]
[Date "2018.10.27"]
[Round "4"]
[White "Ten Gomez, Sergi"]
[Black "Rocamora Martorell, Ferran"]
[Result "1-0"]
[WhiteElo "1787"]
[BlackElo "1680"]
[PlyCount "63"]
[EventDate "2018.09.29"]
[EventType "swiss"]
[EventRounds "9"]
[EventCountry "ESP"]
[SourceTitle "EXT 2020"]
[Source "ChessBase"]
[SourceDate "2019.10.17"]
[SourceVersion "1"]
[SourceVersionDate "2019.10.17"]
[SourceQuality "1"]

1. e4 e5 2. Nc3 Nf6 3. f4 d5 4. fxe5 Nxe4 5. d3 Nxc3 6. bxc3 c5 7. Nf3 Nc6 8. Be2 Be7 9. 0-0 d4 10. cxd4 Nxd4 11. Be3 0-0 12. c3 Nf5 13. Qd2 Nxe3 14. Qxe3 Bg4 15. h3 Bh5 16. Rf2 Rc8 17. Rb1 Rc7 18. Rbf1 Rc6 19. d4 Rc7 20. e6 fxe6 21. Bc4 cxd4 22. Bxe6+ Bf7 23. cxd4 Bf6 24. d5 Re7 25. Ng5 Kh8 26. Nxf7+ Rfxf7 27. Rc2 Rf8 28. Rfc1 Qxd5 29. Rc8 Rfe8 30. Rxe8+ Rxe8 31. Bxd5 Rxe3 32. Rc8+ 1-0

[Event "Maresme op 15th"]
[Site "Maresme"]
[Date "2018.10.20"]
[Round "3"]
[White "Rocamora Martorell, Ferran"]
[Black "Roig Ruiz, Carles"]
[Result "0-1"]
[WhiteElo "1680"]
[BlackElo "1789"]
[PlyCount "88"]
[EventDate "2018.09.29"]
[EventType "swiss"]
[EventRounds "9"]
[EventCountry "ESP"]
[SourceTitle "EXT 2020"]
[Source "ChessBase"]
[SourceDate "2019.10.17"]
[SourceVersion "1"]
[SourceVersionDate "2019.10.17"]
[SourceQuality "1"]

1. d4 g6 2. c4 Bg7 3. g3 Nf6 4. Bg2 d6 5. Nf3 0-0 6. 0-0 Nbd7 7. Nc3 c6 8. e4 e5 9. h3 Qc7 10. Be3 a5 11. b3 Re8 12. Qc2 Nh5 13. a3 Nf8 14. Rfd1 f5 15. Kh2 f4 16. Bc1 fxg3+ 17. fxg3 Ne6 18. Be3 Rf8 19. d5 Nd8 20. Rf1 Nf7 21. Qd2 h6 22. Nh4 Kh7 23. Rf2 Qe7 24. Raf1 Bd7 25. Na4 Ng5 26. Bxg5 hxg5 27. Nf3 Bh6 28. g4 Nf4 29. Nb6 Ra6 30. Nxd7 Qxd7 31. Ng1 cxd5 32. cxd5 Rc8 33. Rc1 Rxc1 34. Qxc1 Nd3 35. Qf1 Nxf2 36. Qxf2 Ra8 37. Qd2 a4 38. b4 Rc8 39. Nf3 Qd8 40. Qf2 Rc3 41. Qa7 Qf6 42. Qxb7+ Bg7 43. Ng1 Qf2 44. Nf3 Rxf3 0-1

[Event "Maresme op 15th"]
[Site "Maresme"]
[Date "2018.10.06"]
[Round "2"]
[White "Alonso Gomez, Raul"]
[Black "Rocamora Martorell, Ferran"]
[Result "0-1"]
[WhiteElo "1909"]
[BlackElo "1680"]
[PlyCount "88"]
[EventDate "2018.09.29"]
[EventType "swiss"]
[EventRounds "9"]
[EventCountry "ESP"]
[SourceTitle "EXT 2020"]
[Source "ChessBase"]
[SourceDate "2019.10.17"]
[SourceVersion "1"]
[SourceVersionDate "2019.10.17"]
[SourceQuality "1"]

1. e4 e5 2. Nf3 Nf6 3. Bc4 Nxe4 4. d3 Nf6 5. Nxe5 d5 6. Bb3 Bd6 7. 0-0 0-0 8. Re1 Nbd7 9. d4 c5 10. c3 cxd4 11. cxd4 Re8 12. Bf4 Qc7 13. Nc3 Nxe5 14. Nb5 Qd7 15. Nxd6 Ng6 16. Nxe8 Nxe8 17. Qe2 Nf6 18. Bg5 Ne4 19. Bxd5 Qxd5 20. Qxe4 Qxg5 21. h4 Qg4 22. Qe8+ Nf8 23. Re7 Be6 24. Qxa8 Bd5 25. Kf1 Qxg2+ 26. Ke2 Qf3+ 27. Kd2 Qxf2+ 28. Kc3 Qg3+ 29. Kc2 Qg2+ 30. Kd3 Qg6+ 31. Kd2 Qb6 32. Rae1 Qxd4+ 33. Kc1 Qc4+ 34. Kd2 Qb4+ 35. Kd1 Qd4+ 36. Ke2 Qxb2+ 37. Kd3 Qb5+ 38. Ke3 Qb6+ 39. Ke2 Qb2+ 40. Kd3 Qb5+ 41. Kd4 Qc4+ 42. Ke3 Qc3+ 43. Kf4 Qf6+ 44. Kg4 Qf3+ 0-1

[Event "Maresme op 14th"]
[Site "Maresme"]
[Date "2017.11.18"]
[Round "7"]
[White "Pla Carulla, Joaquim"]
[Black "Rocamora Martorell, Ferran"]
[Result "1-0"]
[WhiteElo "1788"]
[BlackElo "1394"]
[PlyCount "85"]
[EventDate "2017.09.30"]
[EventType "swiss"]
[EventRounds "9"]
[EventCountry "ESP"]
[SourceTitle "CBM 181 Extra"]
[Source "ChessBase"]
[SourceDate "2017.12.12"]
[SourceVersion "1"]
[SourceVersionDate "2017.12.12"]
[SourceQuality "1"]

1. d4 f5 2. c4 Nf6 3. Nc3 g6 4. Nf3 Bg7 5. Bg5 0-0 6. Qd3 Nc6 7. a3 d6 8. Rd1 a6 9. g3 h6 10. Bc1 Qe8 11. d5 Ne5 12. Nxe5 dxe5 13. Bg2 Nd7 14. 0-0 Nc5 15. Qc2 f4 16. b4 Nd7 17. Be4 Kh7 18. c5 Nf6 19. Bg2 Bf5 20. Ne4 Nxe4 21. Bxe4 e6 22. d6 cxd6 23. Rxd6 Rd8 24. Rfd1 Qe7 25. Qd3 Rxd6 26. cxd6 Qd7 27. gxf4 exf4 28. Bxf4 Rc8 29. Bxf5 exf5 30. Qe3 Re8 31. Qd3 Rc8 32. Qd5 Rc2 33. Be5 Rxe2 34. Bxg7 Kxg7 35. Rc1 Qe6 36. Rc7+ Kf6 37. Qd4+ Qe5 38. Qh4+ Ke6 39. Qe7+ Kd5 40. Rc5+ Kd4 41. Rxe5 Rxe5 42. Qf6 Kd5 43. d7 1-0

[Event "Mataro Vinas Memorial-B 13th"]
[Site "Mataro"]
[Date "2017.05.27"]
[Round "5.5"]
[White "Rocamora Martorell, Ferran"]
[Black "Espadero Roda, Francesc"]
[Result "1-0"]
[WhiteElo "1452"]
[BlackElo "1527"]
[PlyCount "87"]
[EventDate "2017.04.22"]
[EventType "swiss"]
[EventRounds "8"]
[EventCountry "ESP"]
[SourceTitle "EXT 2024"]
[Source "ChessBase"]
[SourceDate "2023.10.10"]
[SourceVersion "1"]
[SourceVersionDate "2023.10.10"]
[SourceQuality "1"]

1. c4 g6 2. Nc3 d6 3. g3 Bg7 4. Bg2 c6 5. d3 Nf6 6. Nf3 0-0 7. 0-0 Ng4 8. Bd2 Na6 9. a3 Re8 10. b4 Nc7 11. Qb3 h6 12. a4 e5 13. Rab1 Be6 14. b5 d5 15. h3 e4 16. dxe4 dxc4 17. Qc2 Ne5 18. Nxe5 Bxe5 19. bxc6 bxc6 20. Bxh6 Qf6 21. Nd1 g5 22. f4 Qxh6 23. fxe5 Bxh3 24. Qxc4 Re6 25. Rb7 Rc8 26. Ne3 Bxg2 27. Kxg2 Qg7 28. Ng4 Qg6 29. Nf6+ Kg7 30. Rh1 Rxf6 31. exf6+ Qxf6 32. Rf1 Qe6 33. Qxe6 fxe6 34. Rc1 Kf6 35. Rxc6 Rd8 36. Rcxc7 Rd4 37. Rxa7 Rxe4 38. Rc2 g4 39. Ra2 Ke5 40. a5 Kd6 41. a6 Rc4 42. Rg7 Rc8 43. a7 Ra8 44. Rb7 1-0

[Event "Mataro Vinas Memorial-B 13th"]
[Site "Mataro"]
[Date "2017.05.13"]
[Round "3.3"]
[White "Rocamora Martorell, Ferran"]
[Black "Carranza Kairgaliyev, Jan"]
[Result "0-1"]
[WhiteElo "1452"]
[BlackElo "1530"]
[PlyCount "90"]
[EventDate "2017.04.22"]
[EventType "swiss"]
[EventRounds "8"]
[EventCountry "ESP"]
[SourceTitle "EXT 2024"]
[Source "ChessBase"]
[SourceDate "2023.10.10"]
[SourceVersion "1"]
[SourceVersionDate "2023.10.10"]
[SourceQuality "1"]

1. c4 e5 2. Nc3 Nf6 3. g3 Nc6 4. Bg2 Bb4 5. d3 d6 6. Bd2 Be6 7. Nf3 0-0 8. 0-0 Qd7 9. a3 Ba5 10. b4 Bb6 11. Qc2 a5 12. b5 Ne7 13. Ng5 Bf5 14. Bxb7 Rab8 15. Bg2 h6 16. Nge4 Nxe4 17. Bxe4 Bh3 18. Bg2 Bxg2 19. Kxg2 f5 20. f4 c6 21. a4 Qb7 22. e4 fxe4 23. Nxe4 Bd4 24. Rae1 cxb5 25. axb5 Rfc8 26. Qb3 Kh8 27. Be3 Bxe3 28. Rxe3 Nf5 29. Ree1 Nd4 30. Qa4 Qa8 31. fxe5 dxe5 32. Kh3 Rf8 33. Nc3 Rbe8 34. Rxf8+ Rxf8 35. Ne2 Qc8+ 36. Kg2 Qb7+ 37. Kh3 Qd7+ 38. Kg2 Qb7+ 39. Kh3 Nf3 40. Rb1 Ng5+ 41. Kh4 Qd7 42. Ng1 Qd4+ 43. g4 Qf2+ 44. Kh5 Qxh2+ 45. Kg6 Rf6# 0-1